| 000 | 00865nam a22002897a 4500 | ||
|---|---|---|---|
| 001 | 200461417 | ||
| 003 | TR-AnTOB | ||
| 005 | 20241119090024.0 | ||
| 008 | 240701b tu ||||| |||| 00| 0 tur d | ||
| 020 | _a9789751040176 | ||
| 040 |
_aTR-AnTOB _beng _erda _cTR-AnTOB |
||
| 041 | _atur | ||
| 092 |
_a813.42 _bÖZT 2019 |
||
| 100 |
_aÖztürk, Sefa Ceran _eauthor. _9145899 |
||
| 245 |
_aEmoji güncesi / _cSefa Ceran Öztürk ; resimleyen : Cemre Arslan |
||
| 250 | _a1. bs. | ||
| 260 |
_aİstanbul : _bMandolin Yayınları ; _c2019. |
||
| 300 |
_a72. Pages. : _bill. ; _c20 cm. |
||
| 336 |
_atext _btxt _2rdacontent |
||
| 337 |
_aunmediated _bn _2rdamedia |
||
| 338 |
_avolume _bnc _2rdacarrier |
||
| 700 | 1 |
_aArslan, Cemre _9142664 |
|
| 700 | 1 |
_aİşeri, Gülşen _e. _9145901 |
|
| 942 |
_2ddc _cBK |
||
| 999 |
_c200461417 _d79629 |
||